| 000 | 00751nam a2200205 i 4500 | ||
|---|---|---|---|
| 001 | 145620 | ||
| 003 | ES-MaACL | ||
| 005 | 20250921063033.0 | ||
| 007 | t| | ||
| 008 | 071015m19271930sp ||||1| spa d | ||
| 100 | 1 |
_aVerlaine, Paul, _d1844-1896 _9114142 |
|
| 245 | 1 | 0 |
_aAntología poética / _cPaul Verlaine ; selección, traducción y prólogo de Luis Guarner. |
| 260 |
_aMadrid : _bCia. Ibero-Americana de Publicaciones, _c[entre 1927 y 1930] |
||
| 300 |
_a203 p. ; _c19 cm. |
||
| 490 | 1 |
_aLas cien mejores obras de la literatura universal ; _v76 |
|
| 700 | 1 |
_aGuarner, Luis. _960341 |
|
| 830 | 0 |
_aLas cien mejores obras de la literatura universal ; _v76 _9181305 |
|
| 852 |
_aES-MaACL _jC-26232 _bR.55260 |
||
| 999 |
_c145620 _d145620 |
||